000
00304nam a2200133 a 4500
005
20140412111237.0
008
001118s19uu xx 00 eng d
050
_a
M 597
_b
Fi532 19_?
245
_a
Fish.
300
_a
13 p. ; col.
440
_a
My picture library
650
_a
Fishes
999
_c
102496
_d
102496